Przystanki na linii 13 MZK Koszalin - Statystyki

Ogólne statystyki
  • Ten quiz został rozwiązany 27 razy
  • Średni wynik to 12 z 15
Statystyki odpowiedzi
Nr Przystanek % Poprawnych
15 Cmentarz 02
95%
13 Samochodówka 02
95%
10 1 Maja 02
90%
7 Dworzec PKP 01
90%
8 Dworzec PKS 02
90%
12 Rondo Solidarności 02
90%
1 Os. Morskie 02
86%
11 Targowisko 02 nż
86%
6 Energetyków 01
76%
14 Gnieźnienska 04
76%
9 Katedra 01
76%
5 Urząd Skarbowy 01
71%
3 Krańcowa 01
62%
2 Franciszkańska Osiedle 02
57%
4 Kresowian 01
57%
Nie znaleziono quizów pasujących do podanych kryteriów
Rozkład punktacji
Procent ludzi z każdym wynikiem
Percentyl według liczby udzielonych odpowiedzi
Twoja historia wyników
Nie rozwiązałeś tego quizu